=LDR 00000nam 2200000 4500 =001 INLIS000000000019387 =005 20130612114444 =008 ***********************************Ind** =035 ##$$0010-061300000019387 =041 ##$$a Ind =082 ##$$a 657 =090 ##$$a 657, Sum a =100 ##$$a Sumarso SR =245 ##$$a Akuntansi, suatu pengantar, oleh Soemarso SR =260 ##$$a 2000 $b Jakarta =300 ##$$a xxii, 484 hlm, 2000 =650 ##$$a Akuntansi =850 ##$$a NBPNMAT